<?xml version="1.0" encoding="UTF-8"?>
<collection xmlns:xsi="http://www.w3.org/2001/XMLSchema-instance" xsi:schemaLocation="http://www.loc.gov/MARC21/slim http://www.loc.gov/standards/marcxml/schema/MARC21slim.xsd" xmlns="http://www.loc.gov/MARC21/slim">
 <record>
  <leader>00000ctm a22000004i 4500</leader>
  <controlfield tag="001">UP-99796217612684005</controlfield>
  <controlfield tag="003">Buklod</controlfield>
  <controlfield tag="005">20180212145620.0</controlfield>
  <controlfield tag="006">m    |o  d |      </controlfield>
  <controlfield tag="007">ta</controlfield>
  <controlfield tag="008">180212s2017    xx     d     r    |||| u|</controlfield>
  <datafield tag="035" ind1=" " ind2=" ">
   <subfield code="a">(iLib)UPD-00360913119</subfield>
  </datafield>
  <datafield tag="040" ind1=" " ind2=" ">
   <subfield code="a">DSURP</subfield>
   <subfield code="e">rda</subfield>
  </datafield>
  <datafield tag="041" ind1=" " ind2=" ">
   <subfield code="a">eng</subfield>
  </datafield>
  <datafield tag="042" ind1=" " ind2=" ">
   <subfield code="a">DMLUC</subfield>
  </datafield>
  <datafield tag="090" ind1=" " ind2=" ">
   <subfield code="a">LG 995 2017 P518</subfield>
   <subfield code="b">Z37</subfield>
  </datafield>
  <datafield tag="100" ind1="1" ind2=" ">
   <subfield code="a">Zapanta, Rowena T.</subfield>
   <subfield code="e">author.</subfield>
  </datafield>
  <datafield tag="245" ind1="1" ind2="0">
   <subfield code="a">Towards an improved provision of socialized housing</subfield>
   <subfield code="b">an assessment of the implementation of the community mortgage program of the local government units (LGUs)</subfield>
   <subfield code="c">Rowena T. Zapanta; David Leonides T. Yap, adviser.</subfield>
  </datafield>
  <datafield tag="264" ind1=" " ind2="1">
   <subfield code="a">Quezon City</subfield>
   <subfield code="b">School of Urban and Regional Planning, University of the Philippines Diliman</subfield>
   <subfield code="c">2017.</subfield>
  </datafield>
  <datafield tag="300" ind1=" " ind2=" ">
   <subfield code="a">vii, 151 leaves</subfield>
   <subfield code="b">color illustrations</subfield>
  </datafield>
  <datafield tag="336" ind1=" " ind2=" ">
   <subfield code="a">text</subfield>
   <subfield code="2">rdacontent</subfield>
  </datafield>
  <datafield tag="337" ind1=" " ind2=" ">
   <subfield code="a">unmediated</subfield>
   <subfield code="2">rdamedia</subfield>
  </datafield>
  <datafield tag="338" ind1=" " ind2=" ">
   <subfield code="a">volume</subfield>
   <subfield code="2">rdacarrier</subfield>
  </datafield>
  <datafield tag="502" ind1=" " ind2=" ">
   <subfield code="a">Thesis (M.S in Regional and Development Planning)--University of the Philippines Diliman</subfield>
   <subfield code="d">December 2017.</subfield>
  </datafield>
  <datafield tag="506" ind1=" " ind2=" ">
   <subfield code="a">P - the author wishes to publish the work personally</subfield>
  </datafield>
  <datafield tag="520" ind1="3" ind2=" ">
   <subfield code="a">The rapid population growth prevalent in the urban areas results in greater demand for basic social services, including housing. As the demand increases, the government has to find better ways to sustain the housing program in the country.The provision of housing programs have undergone an evolution from a centralized approach, where the national government is vested with the authority to provide for the housing needs of the country, to a highly decentralized approach where local government units (LGUs) and the private sector were given an avenue to participate in addressing the housing needs. In the decentralized approach, the LGU serves as the bridge between the key shelter agencies of the National Government and the communities. LGUs also play a major role as a facilitator to ensure the sustainability of the housing services to the communities. Today, the decentralized approach in the housing provision is practiced by LGUs through various community-based housing programs. Among these community-based housing programs, the Community Mortgage Program (CMP) is considered to be most popular because  of its coast effectiveness and wider beneficiary reach. The study theorizes that better provision of socialized housing is dependent on the effectiveness of  community-based housing programs at the local level. The study focused on CMP and assessed the implementation of the CMP at the LGU level through the experiences of the City of Antipolo : how the LGU was able to utilize its authority levers to address the challenges they have encountered in implementing the CMP. It is the hope of the author that issues and concerns of the LGU and how  these were addressed by the City of Antipolo may provide insights to sustain the housing program through the CMP.</subfield>
  </datafield>
  <datafield tag="650" ind1=" " ind2="0">
   <subfield code="a">Housing</subfield>
   <subfield code="z">Philippines</subfield>
   <subfield code="x">Finance.</subfield>
  </datafield>
  <datafield tag="650" ind1=" " ind2="0">
   <subfield code="a">Housing policy</subfield>
   <subfield code="z">Philippines.</subfield>
  </datafield>
  <datafield tag="650" ind1=" " ind2="0">
   <subfield code="a">Public housing</subfield>
   <subfield code="z">Philippines</subfield>
   <subfield code="x">Finance.</subfield>
  </datafield>
  <datafield tag="700" ind1="1" ind2=" ">
   <subfield code="a">David Leonides T. Yap.</subfield>
   <subfield code="e">thesis adviser.</subfield>
  </datafield>
  <datafield tag="905" ind1=" " ind2=" ">
   <subfield code="a">FI</subfield>
  </datafield>
  <datafield tag="852" ind1="0" ind2=" ">
   <subfield code="a">UPD</subfield>
   <subfield code="b">DSURP</subfield>
   <subfield code="h">LG 995 2017 P518 Z37</subfield>
  </datafield>
  <datafield tag="942" ind1=" " ind2=" ">
   <subfield code="a">Thesis</subfield>
  </datafield>
 </record>
</collection>
